Quizzes
Events
Quiz Creation
Community
Videos
Private Events
Remove Ads
Sign In
Join for FREE
Feedback
Dark Mode
Quiz Categories
Sports
Geography
Music
Movies
Television
Just For Fun
Miscellaneous
History
Literature
Language
Science
Gaming
Entertainment
Religion
Holiday
For Kids
Quiz Lab
Recent
Popular Today
Quiz Kudos Today
Editor Picks
Curator Picks
Quizzes by...
Day
Popularity
Type
Ratings
Length
Year
Community
Subscriptions
Recent Discussions
Orange Saloon
Badges
Playlists
Quests
Create
Leaderboards
Showdown
Live 5
Trivia Bingo
Activity
Puzzle Library
Sporcle Events
Private Events
Virtual Trivia
Globe League
Become a Host
Pub Owners
SporcleCon
Opinionation
Our Games
Videos
Blog
Mobile Apps
Partnerships
Remove Ads and Go Orange
Feedback
Music
Pop Music
The Beatles
Song
Album
Lyrics
Bands
Singers
Artist
Clip
Rock
Rap
Classical
Billboard
Country Music
Kpop
Taylor Swift
Music
Pop Music
The Beatles
Song
Album
Lyrics
Bands
Singers
Artist
Clip
Rock
Rap
Classical
Billboard
Country Music
Kpop
Taylor Swift
Random Quiz
Search Sporcle
×
Quiz Lab
Quiz Lab
Music
Artist
Type in answers that appear in a list
Type in answers that appear in a list
Classic
Best Score? Go Orange.
Top 40: 1970 (audio) Stats
Can you name the selected top 40 songs of 1970?
By
lpstd
12m
40 Questions
138 Plays
138 Plays
138 Plays
Comments
Comments
Give Quiz Kudos
Give Quiz Kudos
-
- Ratings
hide this ad
More Info
Replay
Link that replays current quiz
Next Quiz
Link to next quiz in quiz playlist
You Got
0%
They Got
Avg Score
30%
Avg Friend Score
Upgrade to see
Score Distribution
Jump to the score distribution portion of the page
Score
0/40
Timer
12:00
0
Plays Today
Time
Title
% Correct
2:15 -
2:22
All Right Now
82.6%
3:10 -
3:17
Mr. Bojangles
74.6%
1:19 -
1:27
After Midnight
73.9%
1:36 -
1:43
Our House
70.3%
2:39 -
2:46
Lola
70.3%
4:00 -
4:07
Bridge Over Troubled Water
70.3%
2:47 -
2:54
Immigrant Song
63.8%
1:51 -
1:58
Solitary Man
52.2%
4:56 -
5:02
Summertime Blues
50%
0:40 -
0:47
United We Stand
37.7%
2:23 -
2:30
Temptation Eyes
37.7%
1:04 -
1:10
If I Were A Carpenter
33.3%
2:31 -
2:38
The Rapper
33.3%
0:00 -
0:07
Tighter, Tighter
31.9%
0:17 -
0:23
Little Green Bag
31.2%
0:32 -
0:39
Lucretia McEvil
30.4%
0:56 -
1:03
Let's Work Together
30.4%
4:47 -
4:55
My Baby Loves Lovin'
28.3%
5:12 -
5:18
Only Love Can Break Your Heart
28.3%
3:44 -
3:51
Amos Moses
27.5%
Time
Title
% Correct
3:52 -
3:59
We Gotta Get You A Woman
26.8%
4:08 -
4:15
I Want To Take You Higher
23.2%
0:24 -
0:31
Rainy Night In Georgia
21%
3:35 -
3:43
For The Good Times
21%
1:11 -
1:18
Yellow River
18.1%
2:55 -
3:01
Reflections Of My Life
18.1%
4:24 -
4:31
Ma Belle Amie
14.5%
3:02 -
3:09
Come Running
13%
1:44 -
1:50
Burning Bridges
12.3%
4:16 -
4:23
Walk A Mile In My Shoes
12.3%
2:07 -
2:14
Call Me
10.1%
4:32 -
4:38
Do The Funky Chicken
9.4%
1:59 -
2:06
Puppet Man
8.7%
3:18 -
3:26
Mississippi
8.7%
4:39 -
4:46
One Man Band
8%
0:48 -
0:55
Brother Rapp (Parts 1 & 2)
7.2%
1:28 -
1:35
Go Back
7.2%
5:03 -
5:11
Never Had A Dream Come True
6.5%
3:27 -
3:34
I've Lost You
3.6%
0:08 -
0:16
Who's Your Baby?
2.9%
Quiz Playlist
Details
Report
Send in Message
Add To Playlist
More Info:
All songs entered the Billboard Hot 100 charts in 1970 and peaked in the top 40.
Classic:
Type in answers that appear in a list
Quiz Source
Last Updated: Feb 16, 2017
Quiz Scoreboard
CHALLENGE
Sign Up to Join the Scoreboard
Show All
Scores
Hide
Comments
May contain spoilers
Recently Published
Alphabetical 'K' Countries by Flag Minefield
by ylime102
Geography
3m
Pick 6: Fruits
by JohnFran
Miscellaneous
15s
Click the 1999 NBA Draft
by nibperrychub
Sports
2m
More to Explore
Quiz From the Vault
Featured Blog Post
15 Basketball Trivia Facts You Can Be March Mad About
hide this ad
You Might Also Like...
Tags
Artist Quiz
Song Quiz
1970s
Audio Quiz
chart
Selected
Today's Top Quizzes in Music
Browse Music
hide this ad
Today's Top Quizzes in Artist
Browse Artist
Top Contributed Quizzes in Music
1
Taylor Swift All Songs (2024)
2
KPOP LOGIC QUIZ
3
A Taylor Swift Logic Puzzle
4
Guess the Taylor Swift song (Mystery Song)
5
K-Pop Murder Mystery Logic Quiz
6
Taylor Swift Logic Puzzle
7
Guess The Taylor Swift Lyrics Song #1
8
kpop group name match up
9
NCT 2020 Logic Puzzle
10
K-Pop : 100 Debut Songs (Part 1 of 3)
Explore More
Trending Topics
Disney
Kpop
NBA
Harry Potter
Crossword
Marvel
Anime
Soccer
Country
The Office
Puzzle
Pokémon
NFL
WWE
Song
hide this ad
More By:
lpstd
Quiz
Plays
Rating
Category
Featured
Created
70s Top 10: #9 (audio)
978
4.63
Music
Aug 30, 2013
Top 40: 1973 (audio)
769
4.63
Music
Sep 26, 2011
70s Top 10: #1 (audio)
601
4.89
Music
Sep 27, 2013
Top 40: 1984 (audio)
370
4.83
Music
Dec 12, 2011
Top 40: 1978 (audio)
314
4.83
Music
Oct 31, 2011
Go to Creator's Profile
Score Distribution
Quiz Creator Spotlight
lpstd
Follow
Send a Message
Quizzes Created
-
Created Quiz Play Count
-
More By This Creator
Popular Quizzes Today
1
Countries of Asia Without Outlines Minefield
2
Find the US States - No Outlines Minefield
3
Pick 6: Fruits
4
Alphabetical 'K' Countries by Flag Minefield
5
The Countries of the World
6
Find the US States
7
US States
8
Match the Book to the Film X
More Music Quizzes
Stone Roses Quiz
Quiz Lab
Trending Quizzes
Pick 6: Mountains
Pick 6: Harry Potter
Pick 6: NFL Teams
Pick 6: Movie Franchises
Pick 6: Golfers
Recently Updated
NWSL Teams
pecheneg
Women's Final Four Teams by Year
bhenderson79
Presidents Quartet II
eogle
Anything But Clue(do)
eogle
Anything But Oceanian Capitals
eogle
Anything But 7
eogle
Anything But Thing
eogle
Word Ladder: February 29
pecheneg
Song Title Questions
pecheneg
Women's NCAA Tournament #1 Seeds
pecheneg
Trending Topics
Marvel
Kpop
Crossword
Anime
Harry Potter
Disney
NBA
NFL
Pokémon
Country
Song
WWE
Soccer
Puzzle
The Office
Your Account Isn't Verified!
In order to create a playlist on Sporcle, you need to verify the email address you used during registration. Go to your
Sporcle Settings
to finish the process.
Report this User
Report this user for behavior that violates our
Community Guidelines
.
Details:
Send Report
Go to the Sporcle.com Mobile Site →
Comments